The hard thing about hard things: building a business when there are no easy answers
Guardat en:
| Autor principal: | |
|---|---|
| Format: | Llibre |
| Idioma: | anglès |
| Publicat: |
Nueva York
Harper Collins Publishers
2014
|
| Edició: | 1a. ed |
| Matèries: | |
| Etiquetes: |
Afegir etiqueta
Sense etiquetes, Sigues el primer a etiquetar aquest registre!
|
MARC
| LEADER | 00000cam a2200000 a 4500 | ||
|---|---|---|---|
| 001 | UCC5227 | ||
| 003 | CL-VaPUC | ||
| 008 | 180927e20140000us |||||||||||||||||eng|d | ||
| 020 | |a 9780062273208 | ||
| 082 | 0 | 4 | |a 658.11 |b HOR |2 21 |
| 100 | 0 | |a Horowitz, Ben |e author |9 599513 | |
| 245 | 1 | 4 | |a The hard thing about hard things: building a business when there are no easy answers |
| 250 | |a 1a. ed | ||
| 300 | |a 289 p | ||
| 942 | |c BK | ||
| 945 | |d 20180927 22:58:00 |a dcastane | ||
| 260 | |a Nueva York |b Harper Collins Publishers |c 2014 | ||
| 650 | 7 | |a ECONOMIA Y SOCIEDAD |2 CL-VaPUC |9 441513 | |
| 650 | 0 | |a Liderazgo |9 271835 | |
| 650 | 7 | |a INNOVACIONES TECNOLOGICAS |2 CL-VaPUC |9 599514 | |
| 583 | |a last modification |c 20180927 22:58:00 |k Rodrigo Vera | ||
| 999 | |c 372484 |d 372482 | ||
| 952 | |0 0 |1 0 |3 erd |4 0 |6 658_110000000000000_HOR_2014 |7 0 |8 A |9 490160 |a BIBENE |b BIBENE |i 5504147 |o 658.11 HOR 2014 |p 5504147 |r 2025-01-15 |w 2019-11-24 |y BK |z Catalogado en:20180927 |k ICO | ||